000 01686nam a22002297a 4500
005 20210925065322.0
008 210925b ||||| |||| 00| 0 eng d
020 _a0330492608
040 _cAL
041 _aeng
082 _223
_a303.62509
_bSINA
100 _aAndrew Sinclair
_9339
245 _aAnatomy of Terror
_bA History of Terrorism
260 _aLondon
_bPan Books
_c2003
300 _axvi,399 p.
_bPB
_c20x13 cm.
365 _b8.99
_c£
_d8.99
_f2013/03/24
500 _aSociology
520 _aA disturbing and fascinating exploration of the motivations and history behind terrorism.From antiquity to the present day, in the east and the west, the methods and motives for terror are disturbingly similar. In An Anatomy of Terror, Andrew Sinclair takes a detailed trip through the dark side of humanity from Muslim assassins and the Crusades to Timothy McVeigh and Osama bin Laden. As he does, he encounters many links between seemingly disparate groups and illuminates the strategies that terrorists employ in order to recruit the footsoldiers who so often carry out these acts of terrorAn Anatomy of Terror explores the entire sweep of history; from the early role of terror as a tribal force and its incorporated into the rise of religious terrorism to later, politically fuelled, violence. Examining all facets of terror, from state endorsed ethnic cleansing to suicide bombers, from freedom fighting to genocide; Andrew Sinclair provides a new understanding of 'Warfare by extreme means'.
_uhttps://www.panmacmillan.com/authors/andrew-sinclair/an-anatomy-of-terror/9781447249009
650 _aTerrorism
_9340
700 _aSINCLAIR (Andrew)
_9341
942 _2ddc
_cGF
999 _c216385
_d216385